Funny Things Kids Say Quiz Stats

 Plays Quiz Updated Aug 28, 2015

Challenge
Share
Tweet
Embed
Score 0/20 Timer 05:00
1 Play Today
% Correct
Green paper
94.8%
Admit
92.6%
Genius
92%
Didn't say that
91.5%
Wife
91.1%
Sad
90.4%
I licked them off
89.9%
Miss America
89.4%
One
89.3%
Not yet
89%
% Correct
Whole best world
88.9%
Night
88.8%
No
87.5%
Six
85.6%
Jesus
85%
My own way
83.3%
Hushers
82.6%
Sleeping
81.7%
Five
79.2%
Monotony
73.6%

You're not logged in!

Compare scores with friends on all Sporcle quizzes.
Join for Free
OR
Log In

You Might Also Like...

Show Comments

Extras

Top Quizzes Today


Score Distribution

Your Account Isn't Verified!

In order to create a playlist on Sporcle, you need to verify the email address you used during registration. Go to your Sporcle Settings to finish the process.

Report this User

Report this user for behavior that violates our Community Guidelines.

Details: